Last 25 Years: 'E' Movies Quiz Stats

Quiz Updated Jan 9, 2018

Challenge
Share
Tweet
Score 0/25 Timer 08:00
0 Plays Today
% Correct
Elf
95%
The Expendables 2
78%
Easy A
77.9%
Erin Brockovich
63.7%
Eternal Sunshine of the Spotless Mind
60.6%
Elysium
53.7%
Eyes Wide Shut
53%
Ex Machina
51.6%
The English Patient
49.2%
Edge of Tomorrow
49.1%
Ed Wood
43.1%
The Emoji Movie
41.8%
Extremely Loud and Incredibly Close
37.5%
% Correct
Enemy of the State
34.5%
Eight Below
28.4%
Enemy at the Gates
28%
Eastern Promises
25.6%
Equilibrium
20.6%
The Exorcism of Emily Rose
20.4%
Empire Records
19.1%
An Education
16.1%
Event Horizon
15.5%
Even Cowgirls Get the Blues
7.8%
Elvis & Nixon
6%
Elegy
4.2%

You're not logged in!

Compare scores with friends on all Sporcle quizzes.
Join for Free
OR
Log In

You Might Also Like...

Show Comments

Extras

Top Quizzes Today


Score Distribution

Your Account Isn't Verified!

In order to create a playlist on Sporcle, you need to verify the email address you used during registration. Go to your Sporcle Settings to finish the process.

Report this User

Report this user for behavior that violates our Community Guidelines.

Details: